000
00216nam a2200085Ia 4500
008
120527s9999 xx 000 0 und d
100
_a
Polit & hungler
245
_a
Nursing research: Principles and methods
942
_c
BK
999
_c
27395
_d
27395